000 00792nam a2200253 i 4500
001 14373
003 ES-MaACL
005 20230906150805.0
007 t|
008 990304s1998 sp ||||1| spa d
020 _a84-206-8670-0
080 _a316(038)
245 0 0 _aDiccionario de sociología /
_cSalvador Giner, Emilio Lamo de Espinosa y Cristóbal Torres (eds.).
260 _aMadrid :
_bAlianza Editorial,
_c[1998]
300 _aXIV, 895 p. ;
_c24 cm.
490 1 _aAlianza diccionarios
650 1 4 _aSociología-
_vDiccionarios.
_917197
700 1 _aGiner, Salvador.
_957117
700 1 _aLamo de Espinosa, Emilio.
_969861
700 1 _aTorres, Cristóbal.
_9110885
830 0 _aAlianza diccionarios
_9177801
852 _aES-MaACL
_jL-21665
_bR.127120
999 _c14373
_d14373